| 000 | 00473nam a2200181Ia 4500 | ||
|---|---|---|---|
| 001 | 11915 | ||
| 005 | 20260306162903.0 | ||
| 008 | 260306t2022||||xx |||||||||||||| ||spa|| | ||
| 041 | _aESP | ||
| 082 |
_aHR 301 _bV. 52 N° 2 2022 REAA |
||
| 110 | _aUniversidad Complutense de Madrid | ||
| 245 | 0 | _aRevista española de antropología americana | |
| 260 | _c2022 | ||
| 300 |
_apáginas 169-373 : _c24 cm. |
||
| 650 | _aGEN | ||
| 654 | _aCHU | ||
| 942 |
_cREV _dJUS _fJUS _2ddc _n |
||
| 999 |
_c11915 _d11915 |
||